000 00592cam a22002173a 4500
001 32121
003 PGUSA
005 20140828083709.0
008 100424s2010||||xxu|||||s|||||000 | eng d
040 _aPGUSA
_beng
042 _adc
050 4 _aAP
245 1 4 _aThe Scrap Book, Volume 1, No. 4 :
_bJune 1906
_h[electronic resource] /
_cVarious
260 _bProject Gutenberg,
_c2010
506 _aPublic domain in the USA.
516 _aElectronic text
653 _aPeriodicals
830 0 _aProject Gutenberg
_v32121
856 4 0 _uhttp://www.gutenberg.org/ebooks/32121
942 _cEB
999 _c261376
_d261376